000 00581nam a2200229Ia 4500
003 OSt
005 20221007063051.0
006 a|||||r|||| 00| 0
007 ta
008 221006b |||||||| |||| 00| 0 eng d
024 _a19,531
037 _cTextual
040 _aFLL
_cFLL
_beng
041 _2eng
_aeng
082 _aZ:5, K01
100 _aBhanage P.P.
_9683754
245 0 _aCriminal manual
260 _aBombay
_bN.M. Tripathi Pvt. Ltd. India
_c1961
300 _a842p
_ccm.
942 _hZ:5, K01
_cTEXL
_2CC
999 _c1130279
_d1130279